000 00403nam a2200145Ia 4500
008 230711s9999||||xx |||||||||||||| ||und||
041 _aENG
082 _a620
_bSA-P
100 _aSay,MG
245 4 _aThe performance and design of alternating current machines
250 _a3rd Ed.
260 _c1991
_aNew Delhi
_bCBS Publishers & Distributors Pvt.Ltd
650 _aElectrical Engineering
942 _cBK
999 _c1469
_d1469